| 000 | 01218nam0a22002891 4500 | ||
|---|---|---|---|
| 001 | rc\4294340 | ||
| 005 | 20130416124138.2 | ||
| 021 |
_aRU _bРг4908-65 |
||
| 035 | _a(NLR Aleph) 008254031 | ||
| 090 |
_a8354339 _c8354339 |
||
| 100 | _a20130416d1965 |||y0rusy50 ca | ||
| 101 | 0 | _arus | |
| 102 | _aRU | ||
| 105 | _ay z ||||| | ||
| 200 | 1 |
_aБурильно-крановые гидравлические установки БИК-9, БКГМ-АН-63, БКГМ-1 _eТехн. обслуживание _fОрдена Ленина Главмосстрой при Мосгорисполкоме. Упр. гл. механика. [Трест "Мосоргстрой"] |
|
| 210 |
_aМосква _cБ. и. _d1965 |
||
| 215 |
_a8 с. _d15 |
||
| 300 | _aНа обороте тит. л. сост.: инженеры Ф.Д. Мерземкин, Д.А. Цивцивадзе, Н.Г. Гаврилов | ||
| 702 | 1 |
_aЦивцивадзе _bД. А. _4220 |
|
| 702 | 1 |
_aГаврилов _bН. Г. _4220 |
|
| 702 | 1 |
_aМерземкин _bФ. Д. _4220 |
|
| 712 | 0 | 2 |
_a"Мосстрой", трест _3RU\NLR\AUTH\8810118186 |
| 801 | 0 |
_aRU _bNLR _gpsbo |
|
| 801 | 1 |
_aRU _bELAR _2rusmarc |
|
| 852 |
_aNLR _j65-1/476 |
||
| 942 | _cBOOK | ||
| 980 | _aNB | ||